| 000 | 00000nam##2200000za#4500 |
| 001 | 9.630381 |
| 003 | CaOODSP |
| 005 | 20250128101635 |
| 007 | cr ||||||||||| |
| 008 | 150407|2000||||xxc|||||o f|0| 0 fre|d |
| 020 | |a0-662-84871-3 |
| 040 | |aCaOODSP|bfre |
| 043 | |an-cn--- |
| 086 | 1 |aSF31-47/1-2000F-IN |
| 110 | 1 |aCanada. |bBureau du Commissaire aux langues officielles. |
| 245 | 10|aLes langues officielles dans le système sportif canadien. Volume n° 1 |h[ressource électronique] |
| 260 | |aOttawa - Ontario : |bCommissariat aux langues officielles |cc2000. |
| 300 | |a62p.|bgraphiques, références, tableaux |
| 500 | |aLe nº de catalogue (SF31-47/2000) et l'ISBN (0-662-64992-3) de l'édition imprimée bilingue ont été incorrectement copiés dans cette édition électronique. |
| 590 | |a12-16-Supp|b2012-04-17 |
| 775 | 08|tOfficial languages in the Canadian sports system. Volume 1 |w(CaOODSP)9.685795 |
| 776 | 0#|tOfficial languages in the Canadian sport system : |w(CaOODSP)9.661879 |
| 776 | 0#|tLes langues officielles dans le système sportif canadien : |w(CaOODSP)9.661880 |
| 856 | 40|ahttp://publications.gc.ca|qPDF|s531 Ko|uhttps://publications.gc.ca/collections/Collection/SF31-47-2000F.pdf |